Estomatología / (Record no. 52795)

MARC details
000 -LEADER
campo de control de longitud fija 00612nam a2200193 i 4500
001 - NÚMERO DE CONTROL
campo de control 52795
003 - IDENTIFICADOR DE NÚMERO DE CONTROL
campo de control ES-MaACL
005 - FECHA Y HORA DE LA ÚLTIMA TRANSACCIÓN
campo de control 20230906162639.0
007 - CAMPO FIJO DE DESCRIPCIÓN FÍSICA--INFORMACIÓN GENERAL
campo de control de longitud fija t|
008 - DATOS DE LONGITUD FIJA--INFORMACIÓN GENERAL
campo de control de longitud fija 030904s1969 sp ||||1| spa d
100 1# - ENTRADA PRINCIPAL--NOMBRE DE PERSONA
Nombre de persona Dechaume, Michel.
9 (RLIN) 43161
245 10 - MENCIÓN DEL TÍTULO
Título Estomatología /
Mención de responsabilidad, etc. por Michel Dechaume ; versión A. Jornet ; revisión Eduardo Padrós de Palacios.
250 ## - MENCION DE EDICION
Mención de edición [1ª ed.].
260 ## - PUBLICACIÓN, DISTRIBUCIÓN, ETC.
Lugar de publicación, distribución, etc. Barcelona :
Nombre del editor, distribuidor, etc. Toray Masson,
Fecha de publicación, distribución, etc. [1969]
300 ## - DESCRIPCIÓN FÍSICA
Extensión XX, 956 p. :
Otras características físicas il. ;
Dimensiones 25 cm.
700 1# - ENTRADA AGREGADA--NOMBRE PERSONAL
Nombre de persona Padrós de Palacios, Eduardo.
9 (RLIN) 88215
700 1# - ENTRADA AGREGADA--NOMBRE PERSONAL
Nombre de persona Jornet Cases, A.
9 (RLIN) 66960
852 ## - LOCALIZACIÓN
Ubicación ES-MaACL
Número de control de estantería C-36930
Sublocalización o colección R.69141
Holdings
Estatus retirado Estado de pérdida Estado de daño No para préstamo Biblioteca de origen Biblioteca actual Ubicación en estantería Fecha de adquisición Fuente de adquisición Total de préstamos Signatura topográfica completa Código de barras Visto por última vez Precio de reemplazo Tipo de ítem Koha
        Biblioteca del Ateneo de Madrid Biblioteca del Ateneo de Madrid Depósito 2 17/01/2008     C-36930 1055486 23/02/2023 23/02/2023 Libro impreso